Quizzes
Events
Quiz Creation
Community
Videos
Private Events
Remove Ads
Sign In
Join for FREE
Feedback
Dark Mode
Quiz Categories
Sports
Geography
Music
Movies
Television
Just For Fun
Miscellaneous
History
Literature
Language
Science
Gaming
Entertainment
Religion
Holiday
For Kids
Quiz Lab
Recent
Popular Today
Quiz Kudos Today
Editor Picks
Curator Picks
Quizzes by...
Day
Popularity
Type
Ratings
Length
Year
Community
Subscriptions
Recent Discussions
Orange Saloon
Badges
Playlists
Quests
Create
Leaderboards
Showdown
Live 5
Trivia Bingo
Activity
Puzzle Library
Sporcle Events
Private Events
Virtual Trivia
Globe League
Become a Host
Pub Owners
SporcleCon
Opinionation
Our Games
Videos
Blog
Mobile Apps
Partnerships
Remove Ads and Go Orange
Feedback
Holiday
Halloween
Christmas
Holiday Songs
April Fools'
Thanksgiving
Valentine's Day
Easter
St Patrick's Day
National Holiday
Religious Holiday
Holiday
Halloween
Christmas
Holiday Songs
April Fools'
Thanksgiving
Valentine's Day
Easter
St Patrick's Day
National Holiday
Religious Holiday
Random Quiz
Search Sporcle
×
Quiz Lab
Quiz Lab
Holiday
Halloween
Type in answers that appear in a list
Type in answers that appear in a list
Classic
Best Score? Go Orange.
Name That Halloween Character Stats
Can you name the Name That Halloween Character?
By
jepton1
7m
20 Questions
325 Plays
325 Plays
325 Plays
Comments
Comments
Give Quiz Kudos
Give Quiz Kudos
-
- Ratings
hide this ad
Replay
Link that replays current quiz
Next Quiz
Link to next quiz in quiz playlist
You Got
0%
They Got
Avg Score
57%
Avg Friend Score
Upgrade to see
Score Distribution
Jump to the score distribution portion of the page
Score
0/20
Timer
07:00
0
Plays Today
Description
Character
% Correct
Blood-
sucker
Vampire
93.5%
Old hag that casts spells
Witch
81.8%
Transylvanian dweller
Dracula
77.5%
Beware of that full moon
Werewolf
75.7%
Boney
Skeleton
74.2%
Eight-
legged insect
Spider
73.2%
Spirit
Ghost
72.9%
Evil red being
Devil
72.6%
Dead King with bandages
Mummy
65.5%
Symbol of halloween
Pumpkin
64.6%
Description
Character
% Correct
Flesh eater
Zombie
64%
Magician, sorcerer
Wizard
59.4%
King of hell
Satan
55.4%
Swashbuckling criminal
Pirate
51.1%
Hags companion
Cat
44.6%
Green, Bolted neck
Frankenstein's Monster
42.2%
Cute vermin
Mouse
35.4%
Green bug eyed stranger
Alien
27.4%
Lover of blood-
sucker
Dracula's Bride
11.4%
Happy evil being
Clown
11.1%
Quiz Playlist
Details
Report
Send in Message
Add To Playlist
Classic:
Type in answers that appear in a list
Last Updated: Feb 16, 2017
Quiz Scoreboard
CHALLENGE
Sign Up to Join the Scoreboard
Show All
Scores
Hide
Comments
May contain spoilers
Recently Published
1-10 Letter E Words III
by El_Dandy
Language
2m
One Thing in Common: World Cities II
by knightlancer
Geography
7m
Popular People in 1961
by mucciniale
History
6m
More to Explore
Quiz From the Vault
Featured Blog Post
Where Did the Easter Bunny Come From?
hide this ad
You Might Also Like...
Tags
Halloween Quiz
Monsters Characters
Today's Top Quizzes in Holiday
Browse Holiday
hide this ad
Today's Top Quizzes in Halloween
Browse Halloween
Top Contributed Quizzes in Holiday
1
Easter - Did You Know?
2
Holidays Spelling Bee
3
Show What You Know: US Federal Holidays
4
The Holiday Category, A to Z
5
10 to 1: Ramadan
6
The 3rd thing you need to know: Halloween
7
Order the Chinese Zodiac Animals
8
Festive Symbols: Christmas or Hallowe'en?
9
3-per Word Ladder: Listen Up!
10
Slices of Holidays
Explore More
Trending Topics
Disney
Kpop
Anime
Crossword
Marvel
Harry Potter
NBA
Puzzle
Country
The Office
NFL
Song
WWE
Pokémon
Soccer
hide this ad
More By:
jepton1
Quiz
Plays
Rating
Category
Featured
Created
English Period Quiz
1,479
1.63
History
Oct 23, 2011
The Halloween Quiz
395
2.67
Holiday
Oct 23, 2011
Name That Halloween Character
325
1.60
Holiday
Oct 20, 2011
Old British Kingdoms
186
2.00
History
Oct 20, 2011
Go to Creator's Profile
Score Distribution
Quiz Creator Spotlight
jepton1
Follow
Send a Message
Quizzes Created
-
Created Quiz Play Count
-
More By This Creator
Popular Quizzes Today
1
Find the US States - No Outlines Minefield
2
Find the Countries of Europe - No Outlines Minefield
3
The Countries of the World
4
Popular People in 1961
5
1-10 Letter E Words III
6
Find the US States
7
One Thing in Common: World Cities II
8
US States
More Holiday Quizzes
Halloween Costumes (A-Z)
Published
Trending Quizzes
Risky Map Clicking: Least Populous States A-Z
1-10 Letter F Words
1-10 Letter G Words
One Thing in Common: United Kingdom
Risky Map Clicking: Next State Alphabetically
Recently Updated
Leaping Animals
pecheneg
Reality TV Shows (A-Z)
bhenderson79
Rickey Henderson's Hall of Fame Teammates
pecheneg
Champions League XIs: Arsenal
pecheneg
Quick Pick: Celebrities in WWE's Hall of Fame
aduchscher
A-Z Keypad Blitz II
pecheneg
Multiple Oscar Actors
pecheneg
Mystery Phrase Blitz: Oscar 'Best Actors'
pecheneg
F. Scott Fitzgerald Novels
LTH
Pick 3 Villains
ddd62291
Trending Topics
Disney
Crossword
Anime
Harry Potter
NBA
Kpop
Marvel
NFL
Song
Soccer
Country
Pokémon
WWE
Puzzle
The Office
Your Account Isn't Verified!
In order to create a playlist on Sporcle, you need to verify the email address you used during registration. Go to your
Sporcle Settings
to finish the process.
Report this User
Report this user for behavior that violates our
Community Guidelines
.
Details:
Send Report
Go to the Sporcle.com Mobile Site →
Comments